[Event "World Blitz Women 2022"]
[Site "Almaty KAZ"]
[Date "2022.12.29"]
[Round "4.39"]
[White "Sultanbek, Zeinep"]
[Black "Ovod, Evgenija"]
[Result "0-1"]
[WhiteTitle "WIM"]
[BlackTitle "IM"]
[WhiteElo "1891"]
[BlackElo "2323"]
[WhiteFideId "13710419"]
[BlackFideId "4131827"]
[EventDate "2022.12.29"]

1. Nf3 d5 2. c4 e6 3. g3 Nf6 4. Bg2 dxc4 5. Qa4+ Nbd7 6. Qxc4 c5 7. O-O b6 8. d4
Bb7 9. Nc3 Rc8 10. Bg5 Be7 11. Rad1 O-O 12. Bxf6 Nxf6 13. dxc5 Rxc5 14. Rxd8
Rxc4 15. Rxf8+ Kxf8 16. Rd1 Nd5 17. Nxd5 Bxd5 18. Ne5 Rc2 19. Bxd5 exd5 20. Rxd5
Rxb2 21. a4 Rxe2 22. a5 bxa5 23. Rxa5 Bd8 24. Rd5 Bb6 25. Nd7+ Ke7 26. Nxb6 axb6
27. Kf1 Re6 28. Rb5 Kd7 29. f4 Kc6 30. Rg5 g6 31. Kf2 b5 32. Kf3 b4 33. f5 Rf6
34. Rg4 Rxf5+ 35. Ke3 Kb5 36. Rd4 Rc5 37. Rd8 Kc4 38. Rd4+ Kb3 39. Rd8 Kb2 40.
Kf4 b3 41. Rb8 Kc2 42. h4 b2 43. Kg4 b1=Q 44. Rxb1 Kxb1 45. Kh3 h5 46. g4 Rc3+
47. Kh2 hxg4 0-1

[Event "World Blitz Women 2022"]
[Site "Almaty KAZ"]
[Date "2022.12.29"]
[Round "4.40"]
[White "Lu, Miaoyi"]
[Black "Chen, Jocelyn"]
[Result "1-0"]
[BlackTitle "WCM"]
[WhiteElo "2399"]
[BlackElo "1854"]
[WhiteFideId "8618020"]
[BlackFideId "30947154"]
[EventDate "2022.12.29"]

1. e4 c5 2. Nc3 Nc6 3. Nf3 d6 4. d4 cxd4 5. Nxd4 Nf6 6. Bg5 e6 7. Qd2 Be7 8.
O-O-O h6 9. Bxf6 gxf6 10. Ndb5 a6 11. Nxd6+ Bxd6 12. Qxd6 Qxd6 13. Rxd6 Ke7 14.
Rd2 b5 15. Be2 e5 16. Nd5+ Kf8 17. Nxf6 Nd4 18. c3 Nxe2+ 19. Rxe2 Be6 20. Nd5
Rd8 21. Rd1 Kg7 22. Red2 f6 23. Rd3 Kf7 24. h3 h5 25. Rf3 Rh6 26. a3 1-0

[Event "World Blitz Women 2022"]
[Site "Almaty KAZ"]
[Date "2022.12.29"]
[Round "4.41"]
[White "Foudzi, Siti Zulaikha"]
[Black "Assylkhan, Asiya"]
[Result "0-1"]
[WhiteTitle "WIM"]
[WhiteElo "2136"]
[BlackElo "1430"]
[WhiteFideId "5700965"]
[BlackFideId "13752707"]
[EventDate "2022.12.29"]

1. e4 c6 2. Nc3 d5 3. Nf3 Bg4 4. h3 Bh5 5. g4 Bg6 6. d3 e6 7. e5 Bb4 8. a3 Ba5
9. Bd2 Nd7 10. b4 Bc7 11. d4 a5 12. b5 c5 13. dxc5 Nxc5 14. h4 h6 15. h5 Bh7 16.
Be3 Nd7 17. Bd4 Rc8 18. Bd3 Bxd3 19. Qxd3 Bb6 20. Ne2 Bxd4 21. Nexd4 Qc7 22. Qe3
Ne7 23. O-O Qc3 24. Rfe1 Qxe3 25. Rxe3 Nb6 26. Nd2 O-O 27. f4 Nc4 28. Nxc4 Rxc4
29. Rd1 Rfc8 30. f5 exf5 31. gxf5 Rc3 32. Rdd3 Rxd3 33. Rxd3 Rc4 34. Kf2 Kf8 35.
Kf3 Ke8 36. Kf4 Nc8 37. f6 gxf6 38. exf6 Nd6 39. Ke5 Nc8 40. Rg3 Kd7 41. Rg7 Ke8
42. Rg8+ Kd7 43. Rf8 0-1

[Event "World Blitz Women 2022"]
[Site "Almaty KAZ"]
[Date "2022.12.29"]
[Round "4.42"]
[White "Kim, Kristina"]
[Black "Mkrtchian, Lilit"]
[Result "0-1"]
[WhiteTitle "WCM"]
[BlackTitle "IM"]
[WhiteElo "1930"]
[BlackElo "2377"]
[WhiteFideId "13712438"]
[BlackFideId "13300601"]
[EventDate "2022.12.29"]

1. d4 Nf6 2. Bf4 c5 3. e3 Qb6 4. b3 g6 5. c3 Bg7 6. Nf3 d6 7. Nbd2 O-O 8. h3 Nd5
9. Nc4 Qc7 10. Rc1 Nxf4 11. exf4 b6 12. Be2 Bb7 13. O-O Nd7 14. d5 Nf6 15. Ne3
Rae8 16. c4 e6 17. dxe6 fxe6 18. g3 Qc6 19. Kh2 Ne4 20. Qc2 Nc3 21. Nh4 Nxe2 22.
Qxe2 Bf6 23. Nhg2 d5 24. Rg1 d4 25. Ng4 Bg7 26. Rce1 Re7 27. Ne5 Qc7 28. Nh4
Bxe5 29. Qxe5 Qxe5 30. Rxe5 Rd8 31. Rd1 Kf7 32. g4 d3 33. Rd2 Rd4 34. Kg3 Red7
35. Nf3 R4d6 36. Ng5+ Kf6 37. f3 h6 38. Ne4+ Bxe4 39. fxe4 g5 40. Kf3 Rd4 41. h4
gxf4 42. Rh5 Kg6 43. Kxf4 Rf7+ 44. Ke3 Rf1 45. Rxd3 Re1+ 46. Kd2 Rexe4 47. Rxd4
Rxd4+ 48. Ke3 Rxg4 49. Re5 Kf6 50. Rh5 Kg6 51. Re5 Rxh4 52. Rxe6+ Kf5 53. Re7
Rh3+ 54. Kf2 Rh2+ 55. Kf3 Rxa2 56. Re3 h5 57. Rd3 Rb2 58. Rd5+ Kg6 59. Rd6+ Kf7
60. Rd7+ Kf6 61. Rd6+ Ke5 62. Rd5+ Ke6 63. Rd3 Ke5 64. Rd5+ Ke6 65. Rd3 a6 66.
Kf4 b5 67. cxb5 axb5 68. Kg5 c4 69. bxc4 bxc4 70. Rd8 Ke5 71. Kxh5 Rg2 72. Kh4
c3 73. Rc8 Kd4 74. Kh3 Rg7 75. Kh4 Kd3 76. Rd8+ Kc2 77. Kh5 Kb2 78. Rb8+ Kc1 79.
Kh6 Rg2 80. Rc8 c2 81. Kh5 Kd1 0-1

[Event "World Blitz Women 2022"]
[Site "Almaty KAZ"]
[Date "2022.12.29"]
[Round "4.43"]
[White "Kirchei, Viktoriia"]
[Black "Serikbay, Assel"]
[Result "0-1"]
[WhiteTitle "WFM"]
[BlackTitle "WIM"]
[WhiteElo "2070"]
[BlackElo "2230"]
[WhiteFideId "34133396"]
[BlackFideId "13706799"]
[EventDate "2022.12.29"]

1. e4 c5 2. Nf3 d6 3. d4 cxd4 4. Qxd4 Nc6 5. Bb5 Bd7 6. Qd3 Nf6 7. c4 Rc8 8. Nc3
g6 9. O-O Bg7 10. h3 O-O 11. Be3 a6 12. Bxc6 Bxc6 13. Nd4 Qc7 14. Rac1 Nd7 15.
Rfd1 Nc5 16. Qb1 Qb8 17. b4 Ne6 18. Nce2 Bd7 19. f4 Nxd4 20. Bxd4 Be6 21. Bxg7
Kxg7 22. Qd3 b5 23. c5 dxc5 24. bxc5 Bxa2 25. c6 Qb6+ 26. Nd4 Bc4 27. Qc3 Rfd8
28. Kh1 Kg8 29. Rb1 Qc5 30. f5 e5 31. fxe6 fxe6 32. Rbc1 Qe5 33. Qe3 Bd5 34. Re1
Bc4 35. Rcd1 a5 36. Rd2 a4 37. Rb2 Qxd4 38. Qc1 a3 39. Rb1 a2 40. Ra1 b4 41. Qf4
b3 42. c7 Rf8 43. Qg4 b2 0-1

[Event "World Blitz Women 2022"]
[Site "Almaty KAZ"]
[Date "2022.12.29"]
[Round "4.44"]
[White "Borisova, Ekaterina"]
[Black "Samaganova, Aleksandra"]
[Result "1-0"]
[WhiteTitle "FM"]
[BlackTitle "WFM"]
[WhiteElo "2223"]
[BlackElo "1884"]
[WhiteFideId "34124184"]
[BlackFideId "13800221"]
[EventDate "2022.12.29"]

1. d4 Nf6 2. c4 e6 3. g3 d5 4. Bg2 Be7 5. Nf3 O-O 6. O-O c5 7. cxd5 Nxd5 8. dxc5
Bxc5 9. a3 Nc6 10. b4 Be7 11. e4 Nb6 12. Qe2 a6 13. Bb2 Na4 14. Rd1 Qc7 15. Bc1
e5 16. Be3 b5 17. Rc1 Be6 18. Nbd2 Qb7 19. h4 Rac8 20. Ng5 Bxg5 21. hxg5 Rfd8
22. Nf3 Bc4 23. Qe1 Qe7 24. Bh3 Rc7 25. Bf1 Be6 26. Be2 Rdc8 27. Kg2 Bg4 28. Bc5
Qe6 29. Qd2 Rd7 30. Qe3 Rdc7 31. Bd1 Nxc5 32. Rxc5 Qe7 33. Rac1 Bxf3+ 34. Bxf3
Nd4 35. Bg4 Rxc5 36. Rxc5 Rxc5 37. bxc5 Qc7 38. Qc3 g6 39. f4 Qc6 40. Bf3 Qc7
41. f5 gxf5 42. exf5 Nxf5 43. Be4 Nd4 44. c6 a5 45. Qc5 b4 46. axb4 axb4 47.
Qxb4 Qa7 48. Qb2 Qc5 49. Qb8+ Kg7 50. Qd8 Qc1 51. Qf6+ Kg8 52. Qd8+ Kg7 53. Qf6+
Kg8 54. Qxe5 Nxc6 55. Qe8+ Kg7 56. Qxc6 Qd2+ 57. Kh3 Qxg5 58. Qd5 Qh6+ 59. Kg4
Qe3 60. Qg5+ Qxg5+ 61. Kxg5 h6+ 62. Kh5 f6 63. Bf5 Kf7 64. Kxh6 Ke7 65. Kg7 1-0

[Event "World Blitz Women 2022"]
[Site "Almaty KAZ"]
[Date "2022.12.29"]
[Round "4.45"]
[White "Khamdamova, Afruza"]
[Black "Bauyrzhan, Arnash"]
[Result "1-0"]
[WhiteTitle "WFM"]
[WhiteElo "2139"]
[BlackElo "2041"]
[WhiteFideId "14210444"]
[BlackFideId "13706322"]
[EventDate "2022.12.29"]

1. e4 c5 2. Nf3 e6 3. d4 cxd4 4. Nxd4 a6 5. Bd3 Nf6 6. c4 Qc7 7. O-O d6 8. Be3
Nbd7 9. Nc3 Be7 10. Rc1 O-O 11. b3 b6 12. Qe2 Bb7 13. Bb1 Rac8 14. Rfd1 Qb8 15.
f3 Rfd8 16. Kh1 Nf8 17. Nc2 Ba8 18. Nb4 Qb7 19. Nc2 b5 20. Rd4 bxc4 21. Rxc4
N8d7 22. Nd4 Rxc4 23. Qxc4 Rc8 24. Qe2 Ne5 25. Na4 Rxc1+ 26. Bxc1 Qc7 27. Qc2
Qxc2 28. Bxc2 Nc6 29. Be3 Nd7 30. a3 Nxd4 31. Bxd4 Bf6 32. Bxf6 Nxf6 33. b4 Bc6
34. Nc3 d5 35. exd5 Nxd5 36. Nxd5 exd5 37. Bd3 Bb7 38. Kg1 Kf8 39. Kf2 g6 40.
Ke3 Ke7 41. Kd4 Kd6 42. g4 f6 43. f4 Kc6 44. h4 Kb6 45. g5 f5 46. h5 a5 47. hxg6
hxg6 48. Ke5 axb4 49. axb4 Bc6 50. Kf6 Be8 51. Ke6 Kc6 52. Ke7 Bd7 53. b5+ Kc7
54. b6+ Kxb6 55. Kxd7 Kc5 56. Ke6 Kd4 57. Bxf5 1-0

[Event "World Blitz Women 2022"]
[Site "Almaty KAZ"]
[Date "2022.12.29"]
[Round "4.46"]
[White "Martins de Aguiar, Marina"]
[Black "Druzhinina, Olga"]
[Result "1-0"]
[WhiteElo "1877"]
[BlackElo "2245"]
[WhiteFideId "2143321"]
[BlackFideId "4141911"]
[EventDate "2022.12.29"]

1. e4 c5 2. d4 cxd4 3. c3 dxc3 4. Nxc3 Nc6 5. Nf3 e6 6. Bc4 a6 7. Bf4 d6 8. O-O
Nf6 9. Qe2 Be7 10. Rfd1 b5 11. Bb3 O-O 12. h3 Ra7 13. Rac1 Qb6 14. Bxd6 Na5 15.
Bxe7 Rxe7 16. Bc2 Bb7 17. Ne5 Rd8 18. Rxd8+ Qxd8 19. Rd1 Qc7 20. Nf3 Nc4 21. Bb3
Na5 22. Bc2 h6 23. Bb1 Rd7 24. Nd4 Qe5 25. Nf3 Qc7 26. Nd4 Qd8 27. Nf3 Rxd1+ 28.
Nxd1 Nxe4 29. Ne3 Nf6 30. Qc2 Be4 31. Qc1 Bxb1 32. Qxb1 Nc4 33. Qc2 Nxe3 34.
fxe3 Qb6 35. Nd4 e5 36. Nf5 e4 37. Ne7+ Kh7 38. Nf5 Qe6 39. Qf2 g6 40. Ng3 Kg7
41. Kh2 h5 42. Kg1 Qxa2 43. Qd2 Qb1+ 44. Kh2 Qd3 45. Qf2 a5 46. Qf4 Qd5 47. Qc7
a4 48. Ne2 h4 49. Nf4 Qf5 50. Qc3 g5 51. Ne2 Kg6 52. Nd4 Qe5+ 53. Kg1 Nd5 54.
Qc6+ f6 55. Qc8 Qe7 56. Qg8+ Kh6 57. Qxd5 b4 58. Nf5+ 1-0

[Event "World Blitz Women 2022"]
[Site "Almaty KAZ"]
[Date "2022.12.29"]
[Round "4.47"]
[White "Balakanova, Bakhyt"]
[Black "Kaliakhmet, Elnaz"]
[Result "0-1"]
[WhiteTitle "WFM"]
[BlackTitle "WFM"]
[WhiteElo "2005"]
[BlackElo "1786"]
[WhiteFideId "13705881"]
[BlackFideId "13730169"]
[EventDate "2022.12.29"]

1. e4 c5 2. Nc3 Nc6 3. g3 g6 4. Bg2 Bg7 5. Nge2 e6 6. d3 d6 7. Be3 Nd4 8. O-O
Ne7 9. h3 O-O 10. f4 d5 11. e5 Nxe2+ 12. Nxe2 d4 13. Bf2 f6 14. exf6 Bxf6 15.
Kh2 e5 16. fxe5 Bxe5 17. Qd2 Nf5 18. Kg1 Qd6 19. g4 Ng7 20. Rae1 Bd7 21. Qg5
Rae8 22. b3 h5 23. gxh5 Nxh5 24. Bh4 Bf5 25. Kh1 Bf6 26. Qd2 Bxh4 27. Rd1 Rxe2
28. Qxe2 Ng3+ 0-1

[Event "World Blitz Women 2022"]
[Site "Almaty KAZ"]
[Date "2022.12.29"]
[Round "4.48"]
[White "Balakanova, Gulnar"]
[Black "Nurgaliyeva, Zarina"]
[Result "0-1"]
[WhiteTitle "WFM"]
[BlackTitle "WFM"]
[WhiteElo "1743"]
[BlackElo "2013"]
[WhiteFideId "13705890"]
[BlackFideId "13730096"]
[EventDate "2022.12.29"]

1. d4 Nf6 2. c4 e6 3. Nf3 d5 4. g3 dxc4 5. Bg2 Nc6 6. O-O Rb8 7. Bg5 Be7 8. e3
O-O 9. Nbd2 b5 10. a4 a6 11. Qc2 Bb7 12. Rfd1 Nb4 13. Qb1 Nd3 14. Ne5 Bxg2 15.
Kxg2 Nxe5 16. dxe5 Nd7 17. Bxe7 Qxe7 18. Nf3 Nc5 19. axb5 axb5 20. Qc2 Rfd8 21.
Rxd8+ Rxd8 22. Nd4 c6 23. f3 Qc7 24. Qc3 Nd3 25. f4 c5 26. Nf3 Qc6 27. Rf1 Qe4
28. Qd2 Nxf4+ 0-1

[Event "World Blitz Women 2022"]
[Site "Almaty KAZ"]
[Date "2022.12.29"]
[Round "4.49"]
[White "Madi, Aidana"]
[Black "Kaldarova, Ayaulym"]
[Result "0-1"]
[WhiteElo "1583"]
[BlackElo "1832"]
[WhiteFideId "13722689"]
[BlackFideId "13720503"]
[EventDate "2022.12.29"]

1. e4 d6 2. d4 Nf6 3. Nc3 g6 4. Nge2 Bg7 5. g3 O-O 6. Bg2 e5 7. O-O exd4 8. Nxd4
Nc6 9. Nxc6 bxc6 10. Bg5 Rb8 11. Rb1 h6 12. Be3 c5 13. h3 Re8 14. Qd2 Kh7 15.
Rfe1 Bb7 16. Bf4 Nd7 17. Nd5 Ne5 18. b3 c6 19. Ne3 Qe7 20. c4 Rbd8 21. Ng4 Nxg4
22. hxg4 g5 23. Be3 Qe6 24. Bf3 Qg6 25. Rbd1 Re5 26. Bg2 Bc8 27. Qe2 Ree8 28.
Rd2 Bc3 29. Rdd1 Bxe1 30. Qxe1 Be6 31. Qc3 Qg7 32. Qc2 Kg8 33. Bf3 Qe5 34. Qe2
Bc8 35. a3 Bb7 36. b4 cxb4 37. axb4 a5 38. bxa5 Qxa5 39. Rb1 Ba6 40. Qc2 Rb8 41.
Bd4 Rxb1+ 42. Qxb1 Bxc4 43. Qb7 Be6 44. Qxc6 Qb4 45. Bf6 Qb1+ 46. Kg2 Rc8 47.
Qa6 Qb8 48. Qd3 Rc5 49. e5 Rxe5 50. Bxe5 dxe5 51. Qe4 Qd6 52. Qa8+ Kg7 53. Qe4
f6 54. Qb7+ Bf7 55. Qb2 Qc5 56. Qe2 Qd4 57. Be4 Bd5 58. Bxd5 Qxd5+ 59. Kh2 Qd4
60. Qc2 Qxg4 61. Qc7+ Kg6 62. Qc2+ Qf5 63. Qc4 Qxf2+ 64. Kh1 Qxg3 65. Qg8+ Kh5
66. Qf7+ Kg4 67. Qc4+ Qf4 68. Qe6+ Qf5 69. Qc4+ Qf4 70. Qe6+ f5 71. Qa2 Qe4+ 72.
Kg1 Qe3+ 73. Kh1 Qf3+ 74. Kg1 e4 75. Kh2 Qg3+ 76. Kh1 Qf3+ 0-1

[Event "World Blitz Women 2022"]
[Site "Almaty KAZ"]
[Date "2022.12.29"]
[Round "5.1"]
[White "Danielian, Elina"]
[Black "Shuvalova, Polina"]
[Result "0-1"]
[WhiteTitle "GM"]
[BlackTitle "IM"]
[WhiteElo "2431"]
[BlackElo "2502"]
[WhiteFideId "13300210"]
[BlackFideId "24171760"]
[EventDate "2022.12.29"]

1. d4 Nf6 2. Bg5 d5 3. Bxf6 gxf6 4. c4 c5 5. e3 e5 6. dxc5 d4 7. exd4 exd4 8.
Bd3 Bxc5 9. Nf3 Nc6 10. O-O Be6 11. Re1 Qd6 12. a3 a5 13. Nbd2 Qd7 14. Ne4 Be7
15. Qd2 h5 16. Qf4 f5 17. Ng3 Bd6 18. Qxf5 O-O-O 19. Qb5 Bg4 20. Nd2 Qc7 21.
Nde4 Bf4 22. c5 h4 23. Nf1 Kb8 24. b4 f5 25. Nd6 Bxd6 26. cxd6 Rxd6 27. bxa5 h3
28. g3 Nxa5 29. Rec1 Rc6 30. Qb2 Rd8 31. Nd2 Rxc1+ 32. Rxc1 Qd6 33. Bf1 Qd5 34.
f3 Bxf3 35. Nxf3 Qxf3 36. Bxh3 f4 37. Bg2 Qe3+ 38. Kh1 f3 39. Bf1 d3 40. Rd1 d2
41. Qb5 Nc6 42. Rb1 Qe7 43. Rd1 Qe3 44. Rb1 Qe7 45. Qxc6 d1=Q 0-1

[Event "World Blitz Women 2022"]
[Site "Almaty KAZ"]
[Date "2022.12.29"]
[Round "5.2"]
[White "Mammadzada, Gunay"]
[Black "Tan, Zhongyi"]
[Result "0-1"]
[WhiteTitle "IM"]
[BlackTitle "GM"]
[WhiteElo "2472"]
[BlackElo "2518"]
[WhiteFideId "13403729"]
[BlackFideId "8603642"]
[EventDate "2022.12.29"]

1. e4 d6 2. d4 Nf6 3. Nc3 g6 4. Be3 a6 5. h3 Bg7 6. f4 O-O 7. Nf3 b5 8. e5 Nfd7
9. h4 c5 10. e6 Nf6 11. exf7+ Rxf7 12. dxc5 Nc6 13. Qd2 b4 14. Bc4 e6 15. Na4
Ne4 16. Qd3 d5 17. O-O-O Qa5 18. Bb3 Bd7 19. Nb6 Raf8 20. Nxd7 Rxd7 21. Ng5 Nxg5
22. hxg5 Re8 23. Rh3 d4 24. Rdh1 Qxc5 25. Rxh7 Qf5 26. Qxf5 gxf5 27. Bd2 d3 28.
c3 Rc7 29. Kb1 Na5 30. cxb4 Nxb3 31. axb3 Rc2 32. Rxg7+ Kxg7 33. Bc3+ Kf8 34.
Rh8+ Ke7 35. Rh7+ Kd6 36. g6 Rg8 37. g7 Rxg2 38. Kc1 Kd5 39. Rh8 R8xg7 40. Bxg7
Rxg7 41. Kd2 Ke4 42. Re8 Rg2+ 43. Kd1 Rxb2 44. Rxe6+ Kxf4 45. Rxa6 Ke3 46. Re6+
Kd4 47. Rf6 f4 48. Rxf4+ Ke3 49. Rc4 Rb1+ 0-1

[Event "World Blitz Women 2022"]
[Site "Almaty KAZ"]
[Date "2022.12.29"]
[Round "5.3"]
[White "Badelka, Olga"]
[Black "Harika, Dronavalli"]
[Result "0-1"]
[WhiteTitle "IM"]
[BlackTitle "GM"]
[WhiteElo "2416"]
[BlackElo "2507"]
[WhiteFideId "13509926"]
[BlackFideId "5015197"]
[EventDate "2022.12.29"]

1. Nf3 g6 2. c4 Bg7 3. Nc3 d6 4. d4 e5 5. dxe5 dxe5 6. Qxd8+ Kxd8 7. Bg5+ f6 8.
O-O-O+ Bd7 9. Be3 c6 10. Bc5 Nh6 11. h3 Na6 12. Bd6 Nf7 13. Ba3 Kc7 14. e3 Be6
15. c5 f5 16. e4 Rhd8 17. Be2 Bf8 18. b4 fxe4 19. Nxe4 Bxa2 20. Bxa6 bxa6 21.
Bb2 Bg7 22. h4 h6 23. Bc3 Bd5 24. Ng3 Bxf3 25. gxf3 Rxd1+ 26. Rxd1 Rd8 27. Rxd8
Kxd8 28. h5 gxh5 29. Nxh5 Bh8 30. f4 exf4 31. Bxh8 Nxh8 32. Nxf4 Ke7 33. Kd2 Kf6
34. Ke3 Ng6 35. Ne2 Ne7 36. Nf4 Ke5 37. Nd3+ Kf5 38. Nf4 Ke5 39. Nd3+ Kf5 40.
Nf4 Kg4 41. Ke4 h5 42. Ne2 h4 43. f3+ Kg5 44. Ng1 Nd5 0-1

[Event "World Blitz Women 2022"]
[Site "Almaty KAZ"]
[Date "2022.12.29"]
[Round "5.4"]
[White "Arabidze, Meri"]
[Black "Gunina, Valentina"]
[Result "0-1"]
[WhiteTitle "IM"]
[BlackTitle "GM"]
[WhiteElo "2427"]
[BlackElo "2476"]
[WhiteFideId "13604040"]
[BlackFideId "4167570"]
[EventDate "2022.12.29"]

1. d4 d5 2. c4 c6 3. Nf3 Nf6 4. g3 Bf5 5. Nc3 e6 6. Nh4 dxc4 7. Nxf5 exf5 8. e3
Nbd7 9. Bxc4 Nb6 10. Bb3 Qd7 11. Bd2 Bd6 12. Qc2 O-O 13. O-O Rfe8 14. Rad1 Rac8
15. Rfe1 h5 16. Qd3 h4 17. Bc2 g6 18. e4 fxe4 19. Nxe4 Nxe4 20. Rxe4 hxg3 21.
hxg3 Bf8 22. Bg5 Bg7 23. Rde1 Nd5 24. Bb3 a5 25. Bxd5 cxd5 26. Re7 Rxe7 27. Rxe7
Qg4 28. Bf4 g5 29. Be3 Qf3 30. Qf1 Bf6 31. Rxb7 Kg7 32. Qg2 Qf5 33. g4 Qb1+ 34.
Qf1 Qxa2 35. Kg2 Qa4 36. Qd3 Qc6 37. Qb5 Qe6 38. Qd3 Qxg4+ 39. Kf1 Rh8 40. Ke1
Rh1+ 41. Kd2 Rd1+ 42. Kc2 Rxd3 43. Kxd3 Qd1+ 44. Kc3 a4 45. Rb5 g4 46. Kb4 Qb3+
47. Kc5 Qc4+ 48. Kb6 Bd8+ 0-1

[Event "World Blitz Women 2022"]
[Site "Almaty KAZ"]
[Date "2022.12.29"]
[Round "5.5"]
[White "Buksa, Nataliya"]
[Black "Lagno, Kateryna"]
[Result "0-1"]
[WhiteTitle "IM"]
[BlackTitle "GM"]
[WhiteElo "2405"]
[BlackElo "2563"]
[WhiteFideId "14123622"]
[BlackFideId "14109336"]
[EventDate "2022.12.29"]

1. d4 Nf6 2. Nc3 d5 3. Bf4 g6 4. e3 Bg7 5. h4 h5 6. Nf3 O-O 7. Ne5 c5 8. Qd2 Nc6
9. Nxc6 bxc6 10. dxc5 Nd7 11. Be2 Nxc5 12. g4 e5 13. Bg3 d4 14. b4 Ne6 15. Na4
Qd5 16. O-O hxg4 17. c4 Qe4 18. Bd3 Qf3 19. Be2 Qf5 20. f3 dxe3 21. Qxe3 Nd4 22.
fxg4 Qc2 23. Rf2 Nxe2+ 24. Rxe2 Qxa4 25. Qe4 Qxb4 26. h5 f5 27. Qxc6 Qb6+ 28.
Qxb6 axb6 29. hxg6 f4 30. Bf2 e4 31. Bxb6 Bxa1 32. Rxe4 Bxg4 33. c5 Rxa2 34. c6
Rc2 35. c7 Bc8 36. Re7 f3 37. g7 Bxg7 38. Bf2 Bb7 39. Rd7 Rc8 40. Rd8+ Kh7 41.
Rd6 R8xc7 42. Rb6 Rd7 43. Rb4 Rd1+ 44. Kh2 Rxf2+ 45. Kg3 Rg2+ 46. Kf4 Rd4+ 0-1

[Event "World Blitz Women 2022"]
[Site "Almaty KAZ"]
[Date "2022.12.29"]
[Round "5.10"]
[White "Kamalidenova, Meruert"]
[Black "Paehtz, Elisabeth"]
[Result "0-1"]
[WhiteTitle "WIM"]
[BlackTitle "GM"]
[WhiteElo "2377"]
[BlackElo "2464"]
[WhiteFideId "13712802"]
[BlackFideId "4641833"]
[EventDate "2022.12.29"]

1. d4 Nf6 2. c4 g6 3. Nc3 Bg7 4. e4 d6 5. h3 O-O 6. Nf3 e5 7. d5 Nh5 8. g3 f5 9.
exf5 gxf5 10. Nh4 Nf4 11. Qc2 Na6 12. a3 Bd7 13. Be3 c6 14. gxf4 exf4 15. Bxf4
Qxh4 16. Bg3 Rae8+ 17. Ne2 Qh6 18. f4 Nc5 19. O-O-O cxd5 20. cxd5 Ne4 21. Qb3
Qf6 22. Be1 Ba4 23. Qb4 Rc8+ 24. Kb1 Bxd1 0-1

[Event "World Blitz Women 2022"]
[Site "Almaty KAZ"]
[Date "2022.12.29"]
[Round "5.11"]
[White "Batsiashvili, Nino"]
[Black "Charochkina, Daria"]
[Result "0-1"]
[WhiteTitle "GM"]
[BlackTitle "IM"]
[WhiteElo "2493"]
[BlackElo "2344"]
[WhiteFideId "13602993"]
[BlackFideId "4180917"]
[EventDate "2022.12.29"]

1. e4 c5 2. Nf3 d6 3. Bb5+ Bd7 4. Bxd7+ Nxd7 5. O-O Ngf6 6. Qe2 e6 7. b3 Be7 8.
c4 Qa5 9. Bb2 O-O 10. d4 cxd4 11. Nxd4 a6 12. Nc3 Rac8 13. Rad1 Rfe8 14. Kh1 Bf8
15. f4 Qh5 16. Nf3 Red8 17. g3 Qc5 18. h3 b5 19. cxb5 axb5 20. Rd2 b4 21. Nd1
Qc6 22. Nf2 Be7 23. Kh2 Nc5 24. Re1 Ra8 25. Bd4 Nfd7 26. Rc2 Qa6 27. Qd2 Qb5 28.
f5 e5 29. Be3 Nf6 30. Bg5 Qb7 31. Bxf6 Bxf6 32. Qe2 Qa6 33. Qe3 Rac8 34. Ree2
Nd7 35. Ng4 Rxc2 36. Rxc2 Rc8 37. Qd2 Rxc2 38. Qxc2 h6 39. Kg2 Nc5 40. Nf2 Qb7
41. Qc4 h5 42. Ne1 Bg5 43. Ned3 Nxd3 44. Nxd3 Bd2 45. Nf2 Be3 46. Nd3 Bd2 47.
Nf2 Qb6 48. Qd5 Be1 49. Nd1 h4 50. g4 Bg3 51. Qd3 Qc5 52. Ne3 Qc1 53. Nf1 Bf4
54. Qe2 Qc3 55. Qf2 Qd3 56. Qf3 Qd4 57. Qe2 Bg5 58. Kh1 Kh7 59. Kg2 d5 60. exd5
Qxd5+ 61. Kf2 Qd4+ 62. Kg2 e4 63. Kh2 Qd3 64. Qe1 Bf4+ 65. Kg1 Qxh3 66. Qxe4
Qxg4+ 67. Kh1 Qh3+ 68. Kg1 Bd6 69. f6+ g6 70. Qc4 Kh6 71. Qc1+ g5 72. Qc4 Be5
73. Qxf7 Bd4+ 0-1

[Event "World Blitz Women 2022"]
[Site "Almaty KAZ"]
[Date "2022.12.29"]
[Round "5.12"]
[White "Nomin-Erdene, Davaademberel"]
[Black "Abdumalik, Zhansaya"]
[Result "1-0"]
[WhiteTitle "IM"]
[BlackTitle "GM"]
[WhiteElo "2384"]
[BlackElo "2496"]
[WhiteFideId "4900782"]
[BlackFideId "13703544"]
[EventDate "2022.12.29"]

1. e4 c5 2. Nf3 Nc6 3. d4 cxd4 4. Nxd4 Nf6 5. Nc3 e5 6. Ndb5 d6 7. Bg5 a6 8. Na3
b5 9. Nd5 Be7 10. Bxf6 Bxf6 11. c4 b4 12. Nc2 a5 13. g3 Bg5 14. Bg2 O-O 15. O-O
Rb8 16. Qd3 g6 17. Rad1 Be6 18. b3 Ra8 19. Nde3 Qb6 20. Kh1 a4 21. f4 exf4 22.
gxf4 Be7 23. f5 Bc8 24. f6 Bd8 25. Nd5 Qb7 26. Qd2 Kh8 27. Qh6 Rg8 28. e5 Qd7
29. exd6 axb3 30. axb3 Ra2 31. Nde3 Bb7 32. Rf3 Bxf6 33. Rxf6 Ne5 34. Rf2 Bxg2+
35. Rxg2 f5 36. Qf4 Re8 37. Qd4 Kg8 38. Nd5 Qxd6 39. Nce3 Rxg2 40. Nxg2 Ng4 41.
Ndf4 Qe7 42. h3 Nf6 43. Nd5 Nxd5 44. Qxd5+ Kh8 45. Qd4+ Kg8 46. Qd7 Qe2 47. Re1
Qxe1+ 48. Nxe1 Rxe1+ 49. Kg2 Re4 50. Qd6 h5 51. c5 1-0

[Event "World Blitz Women 2022"]
[Site "Almaty KAZ"]
[Date "2022.12.29"]
[Round "5.13"]
[White "Assaubayeva, Bibisara"]
[Black "Mkrtchyan, Mariam"]
[Result "1-0"]
[WhiteTitle "IM"]
[BlackTitle "WIM"]
[WhiteElo "2440"]
[BlackElo "2364"]
[WhiteFideId "13708694"]
[BlackFideId "13310828"]
[EventDate "2022.12.29"]

1. d4 d5 2. c4 c6 3. Nf3 Nf6 4. e3 Bg4 5. h3 Bxf3 6. Qxf3 e6 7. Nc3 Nbd7 8. a3
g6 9. Bd3 Bg7 10. O-O O-O 11. Qe2 Qe7 12. Rd1 Rad8 13. Bd2 dxc4 14. Bxc4 e5 15.
d5 c5 16. e4 Ne8 17. b4 Nd6 18. Bd3 Rc8 19. bxc5 Nxc5 20. Rab1 a6 21. Be3 b5 22.
Bxc5 Rxc5 23. Na2 Rfc8 24. Nb4 Qb7 25. Nc6 f6 26. Rdc1 Rxc1+ 27. Rxc1 Bf8 28. a4
Qb6 29. axb5 axb5 30. Rb1 Ra8 31. Bxb5 Nxb5 32. Qxb5 Qxb5 33. Rxb5 1-0

[Event "World Blitz Women 2022"]
[Site "Almaty KAZ"]
[Date "2022.12.29"]
[Round "5.14"]
[White "Gaboyan, Susanna"]
[Black "Javakhishvili, Lela"]
[Result "0-1"]
[WhiteTitle "WIM"]
[BlackTitle "IM"]
[WhiteElo "2200"]
[BlackElo "2440"]
[WhiteFideId "13303627"]
[BlackFideId "13601458"]
[EventDate "2022.12.29"]

1. Nf3 g6 2. g3 Bg7 3. d4 c5 4. Bg2 cxd4 5. Nxd4 Nc6 6. Nxc6 bxc6 7. O-O d5 8.
Nc3 e5 9. e4 d4 10. Na4 Nf6 11. c3 Nd7 12. cxd4 exd4 13. Bf4 O-O 14. Rc1 Ba6 15.
Re1 Bb5 16. Nc5 Nxc5 17. Rxc5 Qe7 18. b4 a5 19. e5 Rad8 20. Bxc6 Bxc6 21. Rxc6
Qxb4 22. Rd6 h6 23. Qd2 Qxd2 24. Bxd2 Rfe8 25. Rxd8 Rxd8 26. Bxa5 Rd5 27. Bc7 d3
28. Rd1 Bf8 29. a4 Bb4 30. a5 Bxa5 31. Bxa5 Rxa5 32. f4 Ra3 33. Rd2 g5 34. Kf2
Kg7 35. Ke3 Kg6 36. Rxd3 Ra2 37. Rd2 Ra3+ 38. Ke4 gxf4 39. gxf4 f5+ 40. exf6
Kxf6 41. Rd6+ Kg7 42. Kf5 Ra5+ 43. Kg4 Ra2 44. h4 Ra5 45. f5 Kh7 46. Rd7+ Kg8
47. Kh5 Rxf5+ 48. Kg6 0-1